000 005140000a22001810004500
041 0 _aSPA
082 0 4 _aG 284 A5451f
245 1 0 _aEspĆ­ritu y mensaje del protestantismo / Guillermo K. Andreson, Editor; Adam Sosa, Traductor
250 _a2
260 _aBuenos Aires, Argentina : La Aurora
300 _a367 Pag
500 _aTitulo original : Protestantism
001 9916
942 _cBK
999 _c39733
_d39733
336 _atexto
_btxt
_2rdacontent
337 _2rdamedia
_asin mediación
_bn
338 _2rdacarrier
_avolumen
_bnc